<?xml version="1.0" encoding="UTF-8"?>
<record
    xmlns:xsi="http://www.w3.org/2001/XMLSchema-instance"
    xsi:schemaLocation="http://www.loc.gov/MARC21/slim http://www.loc.gov/standards/marcxml/schema/MARC21slim.xsd"
    xmlns="http://www.loc.gov/MARC21/slim">

  <leader>01323nas a2200301 i 4500</leader>
  <controlfield tag="003">DO-SdBNP</controlfield>
  <controlfield tag="005">20250718105357.0</controlfield>
  <controlfield tag="007">ta</controlfield>
  <controlfield tag="008">181112c2001    dr fr|p|r||||||0| | spa d</controlfield>
  <datafield tag="040" ind1=" " ind2=" ">
    <subfield code="a">DO-SdBNP</subfield>
    <subfield code="b">spa</subfield>
    <subfield code="c">DO-SdBNP</subfield>
    <subfield code="e">rda</subfield>
  </datafield>
  <datafield tag="041" ind1=" " ind2=" ">
    <subfield code="a">spa</subfield>
  </datafield>
  <datafield tag="044" ind1=" " ind2=" ">
    <subfield code="a">dr</subfield>
  </datafield>
  <datafield tag="110" ind1=" " ind2=" ">
    <subfield code="a">Universidad Aut&#xF3;noma de Santo Domingo</subfield>
    <subfield code="9">88392</subfield>
  </datafield>
  <datafield tag="245" ind1=" " ind2=" ">
    <subfield code="a">Revista Dominicana de Antropolog&#xED;a /</subfield>
    <subfield code="c">Universidad Aut&#xF3;noma de Santo Domingo.</subfield>
  </datafield>
  <datafield tag="264" ind1=" " ind2=" ">
    <subfield code="a">Santo Domingo, Rep&#xFA;blica Dominicana :</subfield>
    <subfield code="b">Universidad Aut&#xF3;noma de Santo Domingo.</subfield>
    <subfield code="b">Instituto Dominicano de Investigaciones Antropol&#xF3;gicas,</subfield>
    <subfield code="c">2001-.</subfield>
  </datafield>
  <datafield tag="300" ind1=" " ind2=" ">
    <subfield code="a">volumen : </subfield>
    <subfield code="b">ilustraciones, fotograf&#xED;as, gr&#xE1;ficas, tablas ; </subfield>
    <subfield code="c">21 cm.</subfield>
  </datafield>
  <datafield tag="310" ind1=" " ind2=" ">
    <subfield code="a">Irregular.</subfield>
  </datafield>
  <datafield tag="336" ind1=" " ind2=" ">
    <subfield code="a">texto</subfield>
    <subfield code="b">txt </subfield>
    <subfield code="2">rdacontent </subfield>
  </datafield>
  <datafield tag="337" ind1=" " ind2=" ">
    <subfield code="a">sin mediaci&#xF3;n </subfield>
    <subfield code="b">n</subfield>
    <subfield code="2">rdamedia</subfield>
  </datafield>
  <datafield tag="338" ind1=" " ind2=" ">
    <subfield code="a">volumen </subfield>
    <subfield code="b">nc </subfield>
    <subfield code="2">rdacarrier</subfield>
  </datafield>
  <datafield tag="362" ind1=" " ind2=" ">
    <subfield code="a">A&#xF1;o 30, Vol. 17, Nos. 31-60, enero 1986-diciembre 2000.</subfield>
  </datafield>
  <datafield tag="500" ind1=" " ind2=" ">
    <subfield code="a">Colecci&#xF3;n: "Vetilio Alfau Dur&#xE1;n".</subfield>
  </datafield>
  <datafield tag="520" ind1=" " ind2=" ">
    <subfield code="a">Anteriormente titulada "Revista Dominicana de Arqueolog&#xED;a y Antropolog&#xED;a" y "Revista Dominicana de Antropolog&#xED;a e Historia".</subfield>
  </datafield>
  <datafield tag="650" ind1=" " ind2="0">
    <subfield code="a">Antropolog&#xED;a</subfield>
    <subfield code="v">Publicaciones peri&#xF3;dicas</subfield>
    <subfield code="9">33943</subfield>
  </datafield>
  <datafield tag="651" ind1=" " ind2="4">
    <subfield code="a">Rep&#xFA;blica Dominicana</subfield>
    <subfield code="x">Antropolog&#xED;a</subfield>
    <subfield code="9">88393</subfield>
  </datafield>
  <datafield tag="710" ind1=" " ind2=" ">
    <subfield code="a">Instituto Dominicano de Investigaciones Antropol&#xF3;gicas, INDIA</subfield>
    <subfield code="9">88392</subfield>
  </datafield>
  <datafield tag="942" ind1=" " ind2=" ">
    <subfield code="2">ddc</subfield>
    <subfield code="c">ISSUE</subfield>
  </datafield>
  <datafield tag="952" ind1=" " ind2=" ">
    <subfield code="0">0</subfield>
    <subfield code="1">0</subfield>
    <subfield code="2">ddc</subfield>
    <subfield code="4">0</subfield>
    <subfield code="5">6</subfield>
    <subfield code="7">0</subfield>
    <subfield code="8">SE</subfield>
    <subfield code="a">BNPHU</subfield>
    <subfield code="b">BNPHU</subfield>
    <subfield code="d">2025-07-18</subfield>
    <subfield code="h">A&#xF1;o 30, Vol. 17, Nos. 31-60, enero 1986-diciembre 2000</subfield>
    <subfield code="l">0</subfield>
    <subfield code="p">2025-6745</subfield>
    <subfield code="r">2025-07-18</subfield>
    <subfield code="t">e.1</subfield>
    <subfield code="w">2025-07-18</subfield>
    <subfield code="y">ISSUE</subfield>
  </datafield>
  <datafield tag="952" ind1=" " ind2=" ">
    <subfield code="0">0</subfield>
    <subfield code="1">0</subfield>
    <subfield code="2">ddc</subfield>
    <subfield code="4">0</subfield>
    <subfield code="5">6</subfield>
    <subfield code="7">0</subfield>
    <subfield code="8">SE</subfield>
    <subfield code="a">BNPHU</subfield>
    <subfield code="b">BNPHU</subfield>
    <subfield code="d">2025-07-18</subfield>
    <subfield code="h">A&#xF1;o 30, Vol. 17, Nos. 31-60, enero 1986-diciembre 2000</subfield>
    <subfield code="l">0</subfield>
    <subfield code="p">2025-6746</subfield>
    <subfield code="r">2025-07-18</subfield>
    <subfield code="t">e.2</subfield>
    <subfield code="w">2025-07-18</subfield>
    <subfield code="y">ISSUE</subfield>
  </datafield>
  <datafield tag="952" ind1=" " ind2=" ">
    <subfield code="0">0</subfield>
    <subfield code="1">0</subfield>
    <subfield code="2">ddc</subfield>
    <subfield code="4">0</subfield>
    <subfield code="5">6</subfield>
    <subfield code="7">0</subfield>
    <subfield code="8">SE</subfield>
    <subfield code="a">BNPHU</subfield>
    <subfield code="b">BNPHU</subfield>
    <subfield code="d">2025-07-18</subfield>
    <subfield code="h">A&#xF1;o 21, Vol. 18, Nos. 61-64, enero 2001-diciembre 2002</subfield>
    <subfield code="l">0</subfield>
    <subfield code="p">2025-6747</subfield>
    <subfield code="r">2025-07-18</subfield>
    <subfield code="t">e.1</subfield>
    <subfield code="w">2025-07-18</subfield>
    <subfield code="y">ISSUE</subfield>
    <subfield code="z">Organo del Instituto Dominicano de Investigaciones Antropol&#xF3;gicas, (INDIA).</subfield>
  </datafield>
  <datafield tag="952" ind1=" " ind2=" ">
    <subfield code="0">0</subfield>
    <subfield code="1">0</subfield>
    <subfield code="2">ddc</subfield>
    <subfield code="4">0</subfield>
    <subfield code="5">6</subfield>
    <subfield code="7">0</subfield>
    <subfield code="8">SE</subfield>
    <subfield code="a">BNPHU</subfield>
    <subfield code="b">BNPHU</subfield>
    <subfield code="d">2025-07-18</subfield>
    <subfield code="h">A&#xF1;o 21, Vol. 18, Nos. 61-64, enero 2001-diciembre 2002</subfield>
    <subfield code="l">0</subfield>
    <subfield code="p">2025-6748</subfield>
    <subfield code="r">2025-07-18</subfield>
    <subfield code="t">e.2</subfield>
    <subfield code="w">2025-07-18</subfield>
    <subfield code="y">ISSUE</subfield>
    <subfield code="z">Organo del Instituto Dominicano de Investigaciones Antropol&#xF3;gicas, (INDIA).</subfield>
  </datafield>
  <datafield tag="952" ind1=" " ind2=" ">
    <subfield code="0">0</subfield>
    <subfield code="1">0</subfield>
    <subfield code="2">ddc</subfield>
    <subfield code="4">0</subfield>
    <subfield code="5">6</subfield>
    <subfield code="7">0</subfield>
    <subfield code="8">SE</subfield>
    <subfield code="a">BNPHU</subfield>
    <subfield code="b">BNPHU</subfield>
    <subfield code="d">2025-07-18</subfield>
    <subfield code="h">A&#xF1;o 21, Vol. 18, Nos. 61-64, enero 2001-diciembre 2002</subfield>
    <subfield code="l">0</subfield>
    <subfield code="p">2025-6749</subfield>
    <subfield code="r">2025-07-18</subfield>
    <subfield code="t">e.3</subfield>
    <subfield code="w">2025-07-18</subfield>
    <subfield code="y">ISSUE</subfield>
    <subfield code="z">Organo del Instituto Dominicano de Investigaciones Antropol&#xF3;gicas, (INDIA).</subfield>
  </datafield>
  <datafield tag="952" ind1=" " ind2=" ">
    <subfield code="0">0</subfield>
    <subfield code="1">0</subfield>
    <subfield code="2">ddc</subfield>
    <subfield code="4">0</subfield>
    <subfield code="5">6</subfield>
    <subfield code="7">0</subfield>
    <subfield code="8">SE</subfield>
    <subfield code="a">BNPHU</subfield>
    <subfield code="b">BNPHU</subfield>
    <subfield code="d">2025-07-18</subfield>
    <subfield code="h">A&#xF1;o 21, Vol. 18, Nos. 61-64, enero 2001-diciembre 2002</subfield>
    <subfield code="l">0</subfield>
    <subfield code="p">2025-6750</subfield>
    <subfield code="r">2025-07-18</subfield>
    <subfield code="t">e.4</subfield>
    <subfield code="w">2025-07-18</subfield>
    <subfield code="y">ISSUE</subfield>
    <subfield code="z">Organo del Instituto Dominicano de Investigaciones Antropol&#xF3;gicas, (INDIA).</subfield>
  </datafield>
  <datafield tag="952" ind1=" " ind2=" ">
    <subfield code="0">0</subfield>
    <subfield code="1">0</subfield>
    <subfield code="2">ddc</subfield>
    <subfield code="4">0</subfield>
    <subfield code="5">6</subfield>
    <subfield code="7">0</subfield>
    <subfield code="8">SE</subfield>
    <subfield code="a">BNPHU</subfield>
    <subfield code="b">BNPHU</subfield>
    <subfield code="d">2025-07-18</subfield>
    <subfield code="h">A&#xF1;o 32, Vol. 9, Nos. 65-67, enero 2003-diciembre 2005</subfield>
    <subfield code="l">0</subfield>
    <subfield code="p">2025-6751</subfield>
    <subfield code="r">2025-07-18</subfield>
    <subfield code="t">e.1</subfield>
    <subfield code="w">2025-07-18</subfield>
    <subfield code="y">ISSUE</subfield>
    <subfield code="z">Emile Boyrie de Moya.</subfield>
  </datafield>
  <datafield tag="952" ind1=" " ind2=" ">
    <subfield code="0">0</subfield>
    <subfield code="1">0</subfield>
    <subfield code="2">ddc</subfield>
    <subfield code="4">0</subfield>
    <subfield code="5">6</subfield>
    <subfield code="7">0</subfield>
    <subfield code="8">SE</subfield>
    <subfield code="a">BNPHU</subfield>
    <subfield code="b">BNPHU</subfield>
    <subfield code="d">2025-07-18</subfield>
    <subfield code="h">A&#xF1;o 32, Vol. 9, Nos. 65-67, enero 2003-diciembre 2005</subfield>
    <subfield code="l">0</subfield>
    <subfield code="p">2025-6752</subfield>
    <subfield code="r">2025-07-18</subfield>
    <subfield code="t">e.2</subfield>
    <subfield code="w">2025-07-18</subfield>
    <subfield code="y">ISSUE</subfield>
    <subfield code="z">Emile Boyrie de Moya.</subfield>
  </datafield>
  <datafield tag="952" ind1=" " ind2=" ">
    <subfield code="0">0</subfield>
    <subfield code="1">0</subfield>
    <subfield code="2">ddc</subfield>
    <subfield code="4">0</subfield>
    <subfield code="5">6</subfield>
    <subfield code="7">0</subfield>
    <subfield code="8">SE</subfield>
    <subfield code="a">BNPHU</subfield>
    <subfield code="b">BNPHU</subfield>
    <subfield code="d">2025-07-18</subfield>
    <subfield code="h">A&#xF1;o 32, Vol. 9, Nos. 65-67, enero 2003-diciembre 2005</subfield>
    <subfield code="l">0</subfield>
    <subfield code="p">2025-6753</subfield>
    <subfield code="r">2025-07-18</subfield>
    <subfield code="t">e.3</subfield>
    <subfield code="w">2025-07-18</subfield>
    <subfield code="y">ISSUE</subfield>
    <subfield code="z">Emile Boyrie de Moya.</subfield>
  </datafield>
  <datafield tag="952" ind1=" " ind2=" ">
    <subfield code="0">0</subfield>
    <subfield code="1">0</subfield>
    <subfield code="2">ddc</subfield>
    <subfield code="4">0</subfield>
    <subfield code="5">6</subfield>
    <subfield code="7">0</subfield>
    <subfield code="8">SE</subfield>
    <subfield code="a">BNPHU</subfield>
    <subfield code="b">BNPHU</subfield>
    <subfield code="d">2025-07-18</subfield>
    <subfield code="h">A&#xF1;o 32, Vol. 9, Nos. 65-67, enero 2003-diciembre 2005</subfield>
    <subfield code="l">0</subfield>
    <subfield code="p">2025-6754</subfield>
    <subfield code="r">2025-07-18</subfield>
    <subfield code="t">e.4</subfield>
    <subfield code="w">2025-07-18</subfield>
    <subfield code="y">ISSUE</subfield>
    <subfield code="z">Emile Boyrie de Moya.</subfield>
  </datafield>
  <datafield tag="952" ind1=" " ind2=" ">
    <subfield code="0">0</subfield>
    <subfield code="1">0</subfield>
    <subfield code="2">ddc</subfield>
    <subfield code="4">0</subfield>
    <subfield code="5">6</subfield>
    <subfield code="7">0</subfield>
    <subfield code="8">SE</subfield>
    <subfield code="a">BNPHU</subfield>
    <subfield code="b">BNPHU</subfield>
    <subfield code="d">2025-07-18</subfield>
    <subfield code="h">A&#xF1;o 34, Vol. 20, Nos. 68, enero-junio 2006</subfield>
    <subfield code="l">0</subfield>
    <subfield code="p">2025-6755</subfield>
    <subfield code="r">2025-07-18</subfield>
    <subfield code="t">e.1</subfield>
    <subfield code="w">2025-07-18</subfield>
    <subfield code="y">ISSUE</subfield>
    <subfield code="z">Edici&#xF3;n dedicada a: Marcio Veloz Maggiolo.</subfield>
  </datafield>
  <datafield tag="952" ind1=" " ind2=" ">
    <subfield code="0">0</subfield>
    <subfield code="1">0</subfield>
    <subfield code="2">ddc</subfield>
    <subfield code="4">0</subfield>
    <subfield code="5">6</subfield>
    <subfield code="7">0</subfield>
    <subfield code="8">SE</subfield>
    <subfield code="a">BNPHU</subfield>
    <subfield code="b">BNPHU</subfield>
    <subfield code="d">2025-07-18</subfield>
    <subfield code="h">A&#xF1;o 34, Vol. 20, Nos. 68, enero-junio 2006</subfield>
    <subfield code="l">0</subfield>
    <subfield code="p">2025-6756</subfield>
    <subfield code="r">2025-07-18</subfield>
    <subfield code="t">e.2</subfield>
    <subfield code="w">2025-07-18</subfield>
    <subfield code="y">ISSUE</subfield>
    <subfield code="z">Edici&#xF3;n dedicada a: Marcio Veloz Maggiolo.</subfield>
  </datafield>
  <datafield tag="952" ind1=" " ind2=" ">
    <subfield code="0">0</subfield>
    <subfield code="1">0</subfield>
    <subfield code="2">ddc</subfield>
    <subfield code="4">0</subfield>
    <subfield code="5">6</subfield>
    <subfield code="7">0</subfield>
    <subfield code="8">SE</subfield>
    <subfield code="a">BNPHU</subfield>
    <subfield code="b">BNPHU</subfield>
    <subfield code="d">2025-07-18</subfield>
    <subfield code="h">No. 69, enero 2011</subfield>
    <subfield code="l">0</subfield>
    <subfield code="p">2025-6757</subfield>
    <subfield code="r">2025-07-18</subfield>
    <subfield code="t">e.1</subfield>
    <subfield code="w">2025-07-18</subfield>
    <subfield code="y">ISSUE</subfield>
    <subfield code="z">Congreso de Antropolog&#xED;a: Emile de Boyrie Moya.</subfield>
  </datafield>
  <datafield tag="952" ind1=" " ind2=" ">
    <subfield code="0">0</subfield>
    <subfield code="1">0</subfield>
    <subfield code="2">ddc</subfield>
    <subfield code="4">0</subfield>
    <subfield code="5">6</subfield>
    <subfield code="7">0</subfield>
    <subfield code="8">SE</subfield>
    <subfield code="a">BNPHU</subfield>
    <subfield code="b">BNPHU</subfield>
    <subfield code="d">2025-07-18</subfield>
    <subfield code="h">No. 69, enero 2011</subfield>
    <subfield code="l">0</subfield>
    <subfield code="p">2025-6758</subfield>
    <subfield code="r">2025-07-18</subfield>
    <subfield code="t">e.2</subfield>
    <subfield code="w">2025-07-18</subfield>
    <subfield code="y">ISSUE</subfield>
    <subfield code="z">Congreso de Antropolog&#xED;a: Emile de Boyrie Moya.</subfield>
  </datafield>
  <datafield tag="952" ind1=" " ind2=" ">
    <subfield code="0">0</subfield>
    <subfield code="1">0</subfield>
    <subfield code="2">ddc</subfield>
    <subfield code="4">0</subfield>
    <subfield code="5">6</subfield>
    <subfield code="7">0</subfield>
    <subfield code="8">SE</subfield>
    <subfield code="a">BNPHU</subfield>
    <subfield code="b">BNPHU</subfield>
    <subfield code="d">2025-07-18</subfield>
    <subfield code="h">No. 69, enero 2011</subfield>
    <subfield code="l">0</subfield>
    <subfield code="p">2025-6759</subfield>
    <subfield code="r">2025-07-18</subfield>
    <subfield code="t">e.3</subfield>
    <subfield code="w">2025-07-18</subfield>
    <subfield code="y">ISSUE</subfield>
    <subfield code="z">Congreso de Antropolog&#xED;a: Emile de Boyrie Moya.</subfield>
  </datafield>
  <datafield tag="952" ind1=" " ind2=" ">
    <subfield code="0">0</subfield>
    <subfield code="1">0</subfield>
    <subfield code="2">ddc</subfield>
    <subfield code="4">0</subfield>
    <subfield code="5">6</subfield>
    <subfield code="7">0</subfield>
    <subfield code="8">SE</subfield>
    <subfield code="a">BNPHU</subfield>
    <subfield code="b">BNPHU</subfield>
    <subfield code="d">2025-07-18</subfield>
    <subfield code="h">No. 69, enero 2011</subfield>
    <subfield code="l">0</subfield>
    <subfield code="p">2025-6760</subfield>
    <subfield code="r">2025-07-18</subfield>
    <subfield code="t">e.4</subfield>
    <subfield code="w">2025-07-18</subfield>
    <subfield code="y">ISSUE</subfield>
    <subfield code="z">Congreso de Antropolog&#xED;a: Emile de Boyrie Moya.</subfield>
  </datafield>
  <datafield tag="999" ind1=" " ind2=" ">
    <subfield code="c">59578</subfield>
    <subfield code="d">59578</subfield>
  </datafield>
</record>
